000 00351nam a22001577a 4500
003 SGT
020 _a9789332582705
082 _a005.74,ELM
100 _aELMASRI,RAMEZ
245 _aFUNDAMENTAL OF DATABASE SYSTEM
250 _a7TH
260 _aNEW DELHI
_bPEARSON
_c2020
300 _a1242
650 _aCOMPUTER SCIENCE
942 _2ddc
_cBK
_03
999 _c21111
_d21111